Vzpomínáte si ještě... na pravopis? /

Hlavní autor: Kvapilová Brabcová, Radoslava, 1935-2021
Korporativní autor: Vysoká škola kreativní komunikace. Literární akademie
Jazyk: Čeština
Vydáno: Praha : Vysoká škola kreativní komunikace, s.r.o., 2020
Vydání: Druhé, doplněné vydání
Témata:
Fyzický popis: 82 stran ; 30 cm
Knihy
Uloženo v:
LEADER 01850nam a2200493 i 4500
001 nkc20203240565
003 CZ PrNK
005 20200921102448.0
007 ta
008 200731s2020 xr e p 000 0 cze
015 |a cnb003240565 
020 |a 978-80-907526-0-3  |q (brožováno) 
035 |a (OCoLC)1200257170 
040 |a OLA001  |b cze  |d ABA001  |e rda 
072 7 |a 811.162.3  |x Čeština  |2 Konspekt  |9 11 
072 7 |a 37.016  |x Učební osnovy. Vyučovací předměty. Učebnice  |2 Konspekt  |9 22 
080 |a 811.162.3  |2 MRF 
080 |a 81'35  |2 MRF 
080 |a (075.8)  |2 MRF 
080 |a (076.5)  |2 MRF 
100 1 |a Kvapilová Brabcová, Radoslava,  |d 1935-2021  |7 jk01012876  |4 aut 
245 1 0 |a Vzpomínáte si ještě... na pravopis? /  |c Radoslava Kvapilová Brabcová a kolektiv 
250 |a Druhé, doplněné vydání 
264 1 |a Praha :  |b Vysoká škola kreativní komunikace, s.r.o.,  |c 2020 
300 |a 82 stran ;  |c 30 cm 
336 |a text  |b txt  |2 rdacontent 
337 |a bez média  |b n  |2 rdamedia 
338 |a svazek  |b nc  |2 rdacarrier 
500 |a Název z obálky 
500 |a Pod názvem: Vysoká škola kreativní komunikace, Literární akademie 
650 0 7 |a čeština  |7 ph135292  |2 czenas 
650 0 7 |a pravopis  |7 ph124564  |2 czenas 
650 0 9 |a Czech language  |2 eczenas 
650 0 9 |a orthography and spelling  |2 eczenas 
655 7 |a učebnice vysokých škol  |7 fd133772  |2 czenas 
655 7 |a praktická cvičení  |7 fd133118  |2 czenas 
655 9 |a textbooks (higher)  |2 eczenas 
655 9 |a problems, exercises, etc.  |2 eczenas 
710 2 |a Vysoká škola kreativní komunikace.  |b Literární akademie  |7 olak20201084183  |4 isb 
910 2 |a BOA001  |b 4-1452.555 
990 |a BK 
995 |a 01 
991 |b 202009  |c NOV 
996 6 |b 2610836223  |c 4-1452.555  |l MZK  |r Sklad / do 1 hodiny  |n 0  |p p.v.  |w 001821664  |u 000010  |a 1  |e BOA001  |j MZK50  |s P